Kultúrne leto 2007

Bibliographic Details
Format: Article
Language:Slovak
Subjects:

MARC

LEADER 00000nab a2200000 a 4500
001 vtls009091405
003 SK-MaSNL
005 20260305033446.0
008 070905 2007 xo w n 000 0 slo
038 |a SLLK 
040 |a SLLK  |b slo  |c sllk  |e AACR2 
041 0 |a slo 
044 |a xo  |c SK 
080 |a 008  |2 1997 
080 |a 394.4  |2 1997 
245 0 0 |a Kultúrne leto 2007  |c [autor] (mv) 
611 1 7 |a Kultúrne leto  |n (13. :  |d 2007 :  |c Ľubotín, Slovensko)  |2 sllk  |9 1613990 
648 7 |a 4.8.2007  |2 snkbucl  |9 1048305 
650 0 7 |a Verejné slávnosti  |2 snkbucl  |9 1048185 
651 7 |a Ľubotín (Slovensko)  |2 snkbucl  |9 28859 
651 7 |a Stará Ľubovňa (Slovensko : okres)  |2 snkbucl  |9 19196 
773 0 |t Ľubovnianske noviny  |g Roč. XXXIII, č. 31 (2007), s. 2 
852 |a SLLK  |b KIS3GCP 
999 |c 3324408  |d 3326338